000 00373nam a22001577a 4500
999 _c7906
_d7906
003 OSt
005 20190319121651.0
008 190319b ||||| |||| 00| 0 eng d
040 _cDLC
082 _a232.6
100 _aE. Frank
245 _aThe Return of Christ/
260 _aKrefeld, Germany:
_bA Biblical Exposition:
_cc. 1988
300 _a38
_c20 cm
942 _2ddc
_cBK